Villa-Lobos : String Quartets : Quartets Nºs 3, 8, 14 /

Con formación básicamente autodidacta, el brasileño Heitor Villa-Lobos (Río de Janeiro, 1887-1959) fue un joven practicante del cello antes de trasladarse a París, donde vivió de 1923 a 1930. A su regreso a Brasil desempeñó diversos puestos oficiales en relación con la música. El catálogo de Villa-L...

Deskribapen osoa

Gorde:
Xehetasun bibliografikoak
Egile nagusia: Villa-Lobos, Heitor (música)
Erakunde egilea: Cuarteto Latinoamericano (ejecución musical)
Beste egile batzuk: Bitrán, Arón (ejecución musical) (ejecución musical), Bitrán, Saúl (ejecución musical) (ejecución musical), Montiel, Javier (ejecución musical) (ejecución musical), Bitrán, Alvaro (ejecución musical) (ejecución musical), Brennan, Juan Arturo (texto del folleto) (texto del folleto)
Formatua: Entzunezkoa
Argitaratua: Troy, EUA : Dorian Recordings, 1996, c1996
Saila:(Music of Latin American Masters)
Gaiak:
Etiketak: Etiketa erantsi
Etiketarik gabe, Izan zaitez lehena erregistro honi etiketa jartzen!

MARC

LEADER 00000njm^a2200000^a^4500
001 000186845
005 20251020000000.0
009 20260310102240.299
037 |a Acervo ITESO - Biblioteca 
041 |a SON 
082 |a 784. 071  |b VIL V. 2 
100 |a Villa-Lobos, Heitor  |e (música) 
240 1 1 |a [Villa-Lobos: String Quartets] 
240 1 1 |a [String Quartet Nº 3, de Heitor Villa-Lobos] 
240 1 1 |a [String Quartet Nº 8, de Heitor Villa-Lobos] 
240 1 1 |a [String Quartet Nº 14, de Heitor Villa-Lobos] 
245 1 0 |a Villa-Lobos :  |b String Quartets : Quartets Nºs 3, 8, 14 /  |c Música de H. Villa-Lobos ; ejecución musical del Cuarteto Latinoamericano ; violín, A. Bitrán, S. Bitrán ; viola J. Montiel ; cello A. Bitrán ; texto del folleto de J.A. Brennan. 
264 4 |a Troy, EUA :  |b Dorian Recordings,  |c 1996, c1996 
300 |a 1 disco compacto sonoro (65 min.) +  |e 1 folleto (12 p.) 
336 |a música interpretada  |b prm  |2 rdacontenido 
337 |a audio  |b s  |2 rdamedio 
338 |a disco sonoro  |b sd  |2 rdasoporte 
440 1 |a (Music of Latin American Masters) 
520 |a Con formación básicamente autodidacta, el brasileño Heitor Villa-Lobos (Río de Janeiro, 1887-1959) fue un joven practicante del cello antes de trasladarse a París, donde vivió de 1923 a 1930. A su regreso a Brasil desempeñó diversos puestos oficiales en relación con la música. El catálogo de Villa-Lobos es muy extenso, con más de 700 obras, entre las que destacan doce sinfonías, diecisiete cuartetos de cuerdas, seis óperas, nueve Bachianas brasileiras y catorce Chôros para varios instrumentos. Como todos los compositores del nacionalismo musical, Villa-Lobos recupera en sus creaciones elementos de la música folklórica y popular, sin renunciar a la innovación y a la búsqueda de timbres y sonoridades nuevos. 
546 |a Edición bilingüe español-inglés (folleto) 
649 |a XX 
650 |a Músicos Brasileños 
650 |a Artistas Brasileños 
650 |a Instrumentos de Cuerda 
650 |a Cuarteto (Música) 
650 |a Nacionalismo en la Música -  |z Brasil 
650 |a Nacionalismo en el Arte -  |z Brasil 
650 |a Música Romántica -  |z Brasil 
650 |a Música de Concierto -  |z Brasil 
650 |a Música Brasileña -  |y Siglo XX 
650 |a Villa-Lobos, Heitor 
650 |a Bitrán, Arón 
650 |a Bitrán, Saúl 
650 |a Bitrán, Alvaro 
650 |a Montiel, Javier 
650 |a Cuarteto Latinoamericano 
710 |a Cuarteto Latinoamericano  |e (ejecución musical) 
700 |a Bitrán, Arón  |e (ejecución musical) 
700 |a Bitrán, Saúl  |e (ejecución musical) 
700 |a Montiel, Javier  |e (ejecución musical) 
700 |a Bitrán, Alvaro  |e (ejecución musical) 
700 |a Brennan, Juan Arturo  |e (texto del folleto) 
910 |a Fondo General 
920 |a Sonoros - CDs 
940 |a CDs de Música 
905 |a 401 
901 |a 0500128781  |b IT2  |c CDM  |u 20250521 
901 |a 0500128784  |b IT2  |c MIM  |u 20251020 
902 |a https://opac.biblio.iteso.mx/vufind/Record/000186845